• 首页
  • 本馆介绍
  • 公告通知
  • 最新文献
  • 馆藏检索
  • 电子资源
  • 读者导购
  • 参考咨询
  • 我的图书馆
  • 登录
  • 详细信息显示
  • 放入我的书架
  • 预约/预借图书
  • 作者相关作品
  • 分类相关作品
  • 丛书相关作品
  • 出版社相关作品

书目信息

  • 表格格式
  • 工作单格式
  • 卡片格式
题名:
中国出境旅游发展年度报告
    
 
作者: 杜江 , 戴斌 著
分册: 2005  
出版信息: 北京   旅游教育出版社  2006
页数: 228页
开本: 21cm
丛书名:
单 册:
中图分类: F592.3
科图分类:
主题词: 出入境--旅游--研究报告--中国--2005 , 出入境 , 旅游
电子资源:
ISBN: 7-5637-1170-8
000 01091nam0 2200289 450
001 003161203
005 20070807150152.96
010    @a7-5637-1170-8@dCNY16.00
035    @a003161203
100    @a20060426d2006 em y0chiy0110 ea
101 0  @achi
102    @aCN@b110000
105    @aa z 000yy
106    @ar
200 1  @a中国出境旅游发展年度报告@Azhong guo chu jing lv you fa zhan nian du bao gao@h2005@f杜江,戴斌等著@Fdu jiang, dai bin deng zhu
210    @a北京@c旅游教育出版社@d2006
215    @a228页@c图@d21cm
304    @a英文共同题名:Annual report of China outbound tourism development
330    @a本书共十章,主要包括2005年中国出境旅游发展概况、2005年中国出境旅游市场环境分析、2005年中国出境旅游市场消费行为特征、2005年度中国出境旅游产业的运行特征、中国出境旅游发展的影响研究等内容。
606 0  @a出入境@x旅游@x研究报告@y中国@z2005
606 0  @a出入境
606 0  @a旅游
690    @aF592.3@v4
701  0 @a杜江@Adu jiang@c(经济学博士,@f1964.11~)@4著
701  0 @a戴斌@Adai bin@f(1967~)@4著
801  0 @aCN@bNLC@c20070807
905    @dF592.3@e213(2005)@f3
    
    中国出境旅游发展年度报告.2005/杜江,戴斌等著.-北京:旅游教育出版社,2006
    228页:图;21cm
    
    
    ISBN 7-5637-1170-8:CNY16.00
    本书共十章,主要包括2005年中国出境旅游发展概况、2005年中国出境旅游市场环境分析、2005年中国出境旅游市场消费行为特征、2005年度中国出境旅游产业的运行特征、中国出境旅游发展的影响研究等内容。
●
相关链接 在E读中查询图书 在五车中查询图书 在当当中查询图书 在豆瓣中查询图书


正题名:中国出境旅游发展年度报告     索取号:F592.3/213(2005)         预约/预借

序号 登录号 条形码 馆藏地/架位号 状态 备注
1 0853388   208533880   第一样本阅览室/ [索取号:F592.3/213(2005)] 在馆    
2 0853389   208533899   第一借阅区/ [索取号:F592.3/213(2005)] 在馆    
3 0853390   208533906   第一借阅区/ [索取号:F592.3/213(2005)] 在馆    
唐山师范学院图书馆 欢迎您!
大连网信软件有限公司© 版权所有